Ιστορία για όλους : διδακτικές προτάσεις για το μάθημα της Ιστορίας στο Δημοτικό και το Γυμνάσιο

Αποθηκεύτηκε σε:
Λεπτομέρειες βιβλιογραφικής εγγραφής
Κύριος συγγραφέας: Sebba, Judy
Άλλοι συγγραφείς: Καβαλιέρου, Μαρία (trlf)
Μορφή: Βιβλίο
Γλώσσα:Greek
English
Δημοσίευση: Αθήνα : Μεταίχμιο, 2000.
Σειρά:Διδακτικές προσεγγίσεις στο μάθημα της ιστορίας
Θέματα:
Ετικέτες: Προσθήκη ετικέτας
Δεν υπάρχουν, Καταχωρήστε ετικέτα πρώτοι!

MARC

LEADER 00000cam a2200000 i 4500
001 1/29313
008 021112s2000 gr | ||| |||| ||gre||
020 |a 9603750506 
035 |l 10068775 
040 |a GR-MY-UA  |b gre  |e aacr 
041 1 |a gre  |h eng 
082 7 |a 371.9   |2 (22) 
100 1 |a Sebba, Judy. 
245 1 0 |a Ιστορία για όλους :   |b διδακτικές προτάσεις για το μάθημα της Ιστορίας στο Δημοτικό και το Γυμνάσιο /   |c Judy Sebba ; μετάφραση: Μαρία καβαλιέρου ; εισαγωγή: Θεόδωρος Φιλάρετος, Γιώργος Κόκκινος, Ειρήνη Νάκου.  
260 |a Αθήνα :   |b Μεταίχμιο,   |c 2000.  
300 |a 172 σ. ;   |c 24 εκ. 
490 1 |a (Διδακτικές προσεγγίσεις στο μάθημα της ιστορίας)  
500 |a Μετάφαρση του: History for all 
650 0 0 |a History  |x Study and teaching  |z Great Britain. 
650 0 0 |a Learning disabled children  |x Education  |z Great Britain. 
650 0 0 |a Active learning  |z Great Britain. 
650 0 0 |a Education and state  |z Great Britain. 
650 0 0 |a Curriculum planning  |z Great Britain. 
650 0 0 |a Teaching  |x Aids and devices. 
700 1 |a Καβαλιέρου, Μαρία,  |e trlf 
830 0 |a Διδακτικές προσεγγίσεις στο μάθημα της ιστορίας 
852 |a INST  |b RHODES  |e 20021112  |h 371.9 SEB  |p 005400016047  |q 005400016047  |t BK  |y 0 
852 |a INST  |b RHODES  |e 20041209  |h 371.9 SEB  |p 005400018069  |q 005400018069  |t BK  |y 0 
852 |a INST  |b RHODES  |e 20060303  |h 371.9 SEB  |p 005400021241  |q 005400021241  |t BK  |y 0 
901 |a BIBL4-2003-1 
909 |a Ρ  |b 101483 
909 |a Ρ  |b 110292 
909 |a Ρ  |b 123362 
922 |a 4ΕΛΗ  |b 200210  |c ΒΙΒΛΙΟΘΗΚΗ  |d ΔΕΝΤΡΟ 
922 |a 4ΕΛΗ  |b 200412  |c ΒΙΒΛΙΟΘΗΚΗ  |d ΔΕΝΤΡΟ 
950 |a 094-2002-10-05 
950 |a 094 
970 |a ΚΟΥΛΑΚΙΟΤΗ  |b ΛΙΤΣΑ  |z 2003/01/27